| 000 | 00376nam a2200145Ia 4500 | ||
|---|---|---|---|
| 008 | 230917s9999||||xx |||||||||||||| ||und|| | ||
| 040 |
_e85908 _aMAIN |
||
| 041 | _aEnglish | ||
| 082 | _a709.54 P884M | ||
| 100 | _aPrakash, K | ||
| 245 | 0 | _aMadhubani: an invaluable book on the original art tradition | |
| 260 |
_aBombay _bDesign Paint _c1994 |
||
| 300 | _a56 p. | ||
| 942 | _cBK | ||
| 999 |
_c96637 _d96637 |
||